000 01135nac a22003257a 4500
001 BR7805114
003 BR-BrBNA
005 20240105114258.0
008 230509b bl.|||m| |||| 00| 0 por d
040 _aBR-BrBNA
_bpor
_cBiblioteca Nacional de Agricultura
072 _aE70; F00
090 _aE70 BR7805114
100 1 _aOliveira, I.G.E. de
100 1 _aSilva, A.C.M.
110 1 _aConfederacao Nacional da Agricultura, Brasilia, DF (Brasil)
_92518
245 1 _aCotacoes do mercado internacional e comercializacao interna a nivel de produtor; exercicio de 1978 [Exportacao; Importacao; Mercado nacional; Preco; Brasil]
260 3 _aBrasilia, DF (Brasil):
_c[nd].
300 _a99 p.
490 _aCotacoes do Mercado Internacional - Confederacao Nacional da Agricultura (Brazil)
_v
_x
500 _a48 graphs; Published after 1978
650 _aComercializacao
650 _aProducao vegetal
650 _aExportacao
650 _aImportacao
650 _aMercado nacional
650 _aMercado internacional
650 _aPreco
909 _a202312
_bLúcia Elande
_c55
_dLúcia Elande
942 _2AGRIS
_n0
_cMS
999 _c268420
_d268420